TV Shows by Pilot Episode Quiz Stats

 Plays Quiz Updated May 30, 2019

Score 0/30 Timer 10:00
1 Play Today
Episode Show % Correct
12:00 a.m.-1:00 a.m.24
88.5%
Welcome to the HellmouthBuffy The Vampire Slayer
32%
Something Wicca This Way ComesCharmed
30.1%
24 HoursER
25.4%
Give Me a Ring SometimeCheers
25.3%
The Good SonFrasier
22%
Don't Eat the Snow in HawaiiMagnum, P.I.
21.8%
Death Has a ShadowFamily Guy
19.2%
A Hard Day's NightGrey's Anatomy
19%
Pie-LettePushing Daisies
17.7%
GenesisHeroes
14.8%
Panic at Malibu PierBaywatch
14.8%
OilDynasty
14.6%
Prescription for DeathLaw & Order
14.5%
Our Very First ShowFull House
11.2%
Episode Show % Correct
No More Good DaysFlashForward
11.1%
Yankee WhiteNCIS
10.2%
The Pants TentCurb Your Enthusiasm
9.6%
Life and StuffRoseanne
8.4%
Strange LoveTrue Blood
7.8%
Brother's KeeperMiami Vice
6.4%
33Battlestar Galactica
6.2%
The TargetThe Wire
6.1%
The EngagementThe Golden Girls
5.9%
Vint and the Kids Move InMama's Family
4.7%
Romantic ImprovisationsMad About You
4.6%
Diary of a Perfect MurderMatlock
4.3%
Brains and Eggs3rd Rock from the Sun
2.7%
Moving In, Moving Out, Moving OnSisters
1.3%
Virgin, Mother, CroneCybill
1.3%

You're not logged in!

Compare scores with friends on all Sporcle quizzes.
OR
Log In

Sporcle TV

Today on Sporcle TV


Watch our educational content, quiz creation guides, and fun videos on Sporcle TV.

Show Comments

Extras

Top Quizzes Today


Score Distribution

Your Account Isn't Verified!

In order to create a playlist on Sporcle, you need to verify the email address you used during registration. Go to your Sporcle Settings to finish the process.

Report this User

Report this user for behavior that violates our Community Guidelines.

Details: